| 000 -CABECERA |
| Longitud fija campo de control |
00542nam a2200157 a 4500 |
| 001 - NÚMERO DE CONTROL |
| Número de control |
1795 |
| 003 - IDENTIFICADOR DEL NÚMERO DE CONTROL |
| Identificador del número de control |
CDMR |
| 005 - FECHA Y HORA DE LA ÚLTIMA TRANSACCIÓN |
| Fecha y hora de la última transacción |
20130227125717.0 |
| 008 - CÓDIGOS DE INFORMACIÓN DE LONGITUD FIJA |
| Códigos de información de longitud fija |
130130s2003||||||||||||||||||||||||||||d |
| 020 ## - NÚMERO INTERNACIONAL NORMALIZADO PARA LIBROS |
| Número Internacional Normalizado para Libros (ISBN) |
849224822X |
| 040 ## - FUENTE DE LA CATALOGACIÓN |
| Centro catalogador de origen |
CDMR |
| Lengua de catalogación |
cat |
| Centro transcriptor |
CPC GIRONA |
| 100 1# - PUNTO DE ACCESO PRINCIPAL-NOMBRE DE PERSONA |
| 9 (RLIN) |
3019 |
| Nombre de persona |
Planes i Albets, Ramon |
| 245 12 - MENCIÓN DE TÍTULO |
| Título |
L'Arxiu de la Corona d'Aragó |
| Resto del título |
: un nou perfil per a l'Arxiu Reial de Barcelona |
| Mención de responsabilidad, etc. |
Ramon Planes i Albets, Laureà Pagarolas i Sabaté, Pere Puig i Ustrell |
| 260 ## - PUBLICACIÓN, DISTRIBUCIÓN, ETC. (PIE DE IMPRENTA) |
| Fecha de publicación, distribución, etc. |
2003 |
| Nombre del editor, distribuidor, etc. |
Associació d'Arxivers de Catalunya |
| Lugar de publicación, distribución, etc. |
Barcelona |
| 942 ## - ENTRADA DE ELEMENTOS AGREGADOS (KOHA) |
| Koha [por defecto] tipo de item |
Monografies |
| Fuente de clasificaión o esquema |
|